| 000 | 00417nam a2200169Ia 4500 | ||
|---|---|---|---|
| 008 | 231221s9999 xx 000 0 und d | ||
| 041 | _aEnglish | ||
| 082 | _a001.6424 GUP; | ||
| 100 | _aGupta, Vikas | ||
| 245 | 0 | _aComdex : computer course kit | |
| 250 | _a1st ed | ||
| 260 |
_c2001 _bDreamtech press _aNew Delhi |
||
| 300 | _a616 | ||
| 300 | _c27668 | ||
| 650 | _aComdex,:,computer,course,kit | ||
| 942 | _cCD | ||
| 999 |
_c202842 _d202842 |
||